000 00740nam a22002057a 4500
999 _c13908
_d13908
003 AR-CdUCM
008 190417b ||||| |||| 00| 0 spa d
040 _aMUNICIPALIDAD PROVINCIAL DEL CUSCO
_cBIBLIOTECA MUNICIPAL DEL CUSCO
082 _aC / 708.85 /
_bV66
100 _aVillanueva U., Horacio
_930021
245 _aLa almudena del Cuzco 1698 - 1948 /
260 _aCuzco :
_bRozas sucs,
_c1948.
300 _a24 páginas ;
_c21 cm.
500 _aDedicatoria
505 _aContenido: Historia de la fundación del hospital y convento de nuestra señora de la Almudena -- La fundación -- Colofon ...
650 _aHistoria del Cuzco
_932516
650 _aHistoria colonial
_96071
942 _2ddc
_cLIBROS
945 _aacv
_d2019-04-17